<?xml version="1.0" encoding="UTF-8"?>
<collection xmlns="http://www.loc.gov/MARC21/slim">
 <record>
  <leader>01388nam a2200193Ia 4500</leader>
  <controlfield tag="001">CTU_152575</controlfield>
  <controlfield tag="008">210402s9999    xx            000 0 und d</controlfield>
  <datafield tag="082" ind1=" " ind2=" ">
   <subfield code="a">910.285</subfield>
  </datafield>
  <datafield tag="082" ind1=" " ind2=" ">
   <subfield code="b">C454</subfield>
  </datafield>
  <datafield tag="100" ind1=" " ind2=" ">
   <subfield code="a">Chang, Kang-Tsung</subfield>
  </datafield>
  <datafield tag="245" ind1=" " ind2="0">
   <subfield code="a">Introduction to geographic information systems</subfield>
  </datafield>
  <datafield tag="245" ind1=" " ind2="0">
   <subfield code="c">Kang-tsung Chang</subfield>
  </datafield>
  <datafield tag="260" ind1=" " ind2=" ">
   <subfield code="a">New Delhi</subfield>
  </datafield>
  <datafield tag="260" ind1=" " ind2=" ">
   <subfield code="b">McGraw-Hill Higher Education</subfield>
  </datafield>
  <datafield tag="260" ind1=" " ind2=" ">
   <subfield code="c">2002</subfield>
  </datafield>
  <datafield tag="520" ind1=" " ind2=" ">
   <subfield code="a">This book is designed to provide students in a first or second GIS course with a solid foundation in both GIS concepts and the use of GIS. The book retains the same comprehensive coverage of GIS topics as featured in the first edition. This edition is organized into five parts. Part 1 (Chapters 1 to 7) explains the fundamentals of GIS including coordinate systems, data models, data input, spatial data editing, and attribute data management. Part 2 (Chapters 8 and 9) includes data display and data exploration. Part 3 (Chapters 10 and 11) examines the basic tools for GIS analysis and their applications. Part 4 (Chapters 12 and 13) covers terrain mapping and analysis, and spatial interpolation. Part 5 (Chapters 14 to 16) deals with GIS models and modeling, regions, and network and dynamic segmentation.</subfield>
  </datafield>
  <datafield tag="650" ind1=" " ind2=" ">
   <subfield code="a">Geographic information systems,Hệ thống thông tin địa lý</subfield>
  </datafield>
  <datafield tag="904" ind1=" " ind2=" ">
   <subfield code="i">Ái</subfield>
  </datafield>
  <datafield tag="980" ind1=" " ind2=" ">
   <subfield code="a">Trung tâm Học liệu Trường Đại học Cần Thơ</subfield>
  </datafield>
 </record>
</collection>
